Casebook in abnormal psychology : (Record no. 344158)
[ view plain ]
| 000 -LEADER | |
|---|---|
| fixed length control field | 01467 a2200217 4500 |
| 020 ## - INTERNATIONAL STANDARD BOOK NUMBER | |
| International Standard Book Number | 0534342477 |
| 020 ## - INTERNATIONAL STANDARD BOOK NUMBER | |
| International Standard Book Number | 9780534342470 |
| 082 04 - DEWEY DECIMAL CLASSIFICATION NUMBER | |
| Classification number | 616.89 |
| 090 ## - LOCALLY ASSIGNED LC-TYPE CALL NUMBER (OCLC); LOCAL CALL NUMBER (RLIN) | |
| -- | 1642 |
| -- | 1642 |
| 100 1# - MAIN ENTRY--PERSONAL NAME | |
| Personal name | Brown, Timothy A. |
| 245 10 - TITLE STATEMENT | |
| Title | Casebook in abnormal psychology : |
| Remainder of title | an integrative approach / |
| Statement of responsibility, etc. | Timothy A. Brown. |
| 250 ## - EDITION STATEMENT | |
| Edition statement | 1st ed. |
| 260 ## - PUBLICATION, DISTRIBUTION, ETC. | |
| Place of publication, distribution, etc. | [S.l.] : |
| Name of publisher, distributor, etc. | Brooks/Cole Pub Co, |
| Date of publication, distribution, etc. | 1996. |
| 300 ## - PHYSICAL DESCRIPTION | |
| Extent | 334 p. ; |
| Dimensions | 23 cm. |
| 500 ## - GENERAL NOTE | |
| General note | Paperback. |
| 520 ## - SUMMARY, ETC. | |
| Summary, etc. | Using cases taken from the authors' case files or from case files of other working clinicians, this casebook portrays the rich and arresting nature of disorders as they are displayed in real people. Cases illustrate every major DSM-IV category and are followed by a therapy outcome section which gives the "rest of the story" of what happened to these clients. The authors draw on an extremely current and thorough database, look at the multiple causes of disorders, and incorporate developmental and cultural issues in each case. Two complex cases are included without a diagnosis to give students an opportunity to come up with diagnoses on their own. The cases are designed to give students an appreciation for the complexity of the diagnostic process. |
| 700 1# - ADDED ENTRY--PERSONAL NAME | |
| Personal name | Barlow, David H. |
| 856 40 - ELECTRONIC LOCATION AND ACCESS | |
| Materials specified | Amazon.com |
| Uniform Resource Identifier | <a href="http://www.amazon.com/exec/obidos/ASIN/0534342477/chopaconline-20">http://www.amazon.com/exec/obidos/ASIN/0534342477/chopaconline-20</a> |
| 856 40 - ELECTRONIC LOCATION AND ACCESS | |
| Materials specified | Amazon customer reviews |
| Uniform Resource Identifier | <a href="http://www.chopac.org/cgi-bin/tools/azrev.pl?q=0534342477">http://www.chopac.org/cgi-bin/tools/azrev.pl?q=0534342477</a> |
| 942 ## - ADDED ENTRY ELEMENTS (KOHA) | |
| Institution code [OBSOLETE] | NBS |
| Koha item type | Book |
| Call number prefix | 616.8920 BRO |
| Withdrawn status | Lost status | Damaged status | Not for loan | Permanent Location | Current Location | Date acquired | Total Checkouts | Total Renewals | Full call number | Barcode | Date last seen | Date last checked out | Price effective from | Koha item type |
|---|---|---|---|---|---|---|---|---|---|---|---|---|---|---|
| Central Library (CL) | Central Library (CL) | 08/28/2013 | 2 | 1 | 616.8920 BRO | NBS7693 | 09/11/2024 | 03/09/2016 | 08/28/2013 | Book |
